00842nam a22002657a 45000010005000000030006000050050017000110080041000280200018000690400029000870500009001160820011001251000019001362450070001552500028002252600030002533000045002834900035003285050007003635200093003705210028004635210018004916500032005096500035005415873FISKH20250127114118.0250127b cb ||||| |||| 00| 0 eng d a9781408339763 aFISKHbengcFISKHdFISKH aPZ7. a823.92 aMeadows, Daisy aRainbow magic :bThe pet keeper fairies /cThe Pet Keeper Fairies aFirst published in 2013 aLondon :bOrchard,c2013. a29 pages :bcolor illustrations ;c22 cm aRainbow magicvBeginner reader aG  aJoin the Pet Keeper Fairies on a magical adventure to save their special animal friends!8 a380 bLexile estimate 8 aG bRaz-Plus  2FriendshipaGirl characters 2Beginner readeraRainbow Magic